Welcome to the Holygrace Academy Library

Please use search bar below to get started

MY ANIMAL KINGDOM (Record no. 6375)

MARC details
000 -LEADER
fixed length control field 00214nam a22001097a 4500
082 ## - DEWEY DECIMAL CLASSIFICATION NUMBER
Classification number 001
Item number DEM/M
245 ## - TITLE STATEMENT
Title MY ANIMAL KINGDOM
260 ## - PUBLICATION, DISTRIBUTION, ETC. (IMPRINT)
Place of publication LONDON
Name of publisher DEAGISTINI
300 ## - PHYSICAL DESCRIPTION
Number of Pages 28
650 ## - SUBJECT ADDED ENTRY--TOPICAL TERM
Topical Term GK
Geographic subdivision LONDON
942 ## - ADDED ENTRY ELEMENTS (KOHA)
Koha item type Books
Holdings
Withdrawn status Lost status Collection code Home library Current library Shelving location Date acquired Source of acquisition Cost, normal purchase price Full call number Accession Number Koha item type
    G.K Main Library Main Library SHELF-17E-SCIENCE RELATED BOOKS 31/01/2019 PURCHASE 60.00 001 DEM/M 10904 Books
    G.K Main Library Main Library SHELF-17E-SCIENCE RELATED BOOKS 04/02/2019 PURCHASE 60.00 001 DEM/M 10981 Books